000 00220nam a22000977a 4500
041 _aENG
245 _aNikshaiit lavaniya a pani ke Sinchi ke liye upayoge
260 _aDelhi
_bICER
_c1986
650 _aGAE
856 _uGAE
999 _c2637
_d2637